Bassins versants de France métropolitaine. - Statistiques

Statistiques générales
  • Ce quiz a été pris 27 fois
  • Le résultat moyen est 6 sur 8
Statistiques - réponses
Réponse % Correct
Rhin
88%
Rhône
88%
Seine
88%
Garonne
84%
Adour
80%
Loire
80%
Meuse
68%
Dordogne
36%
Aucun quiz correspondant
Distribution des résultats
% des personnes avec chaque résultat
Percentile par nombre de réponses
Votre historique - résultats
Vous n’avez pas pris ce quiz